000 00723nam a2200205Ii 4500
003 JO-AjNU
008 230605s9999||||xx |||||||||||||| ||und||
040 _aJO-AjNU
_bara
_erda
_cJO-AjNU
041 _aara
050 1 4 _aBP166.4 2007
100 3 _aسلامة، ياسر خالد,
_eauthor
_919890
245 0 0 _aقصص الأنبياء ومولد النبي محمد صلى الله عليه وسلم حتى وفاته
250 _aط1
264 3 1 _aعمان: دار الاسرة للنشر والتوزيع، 2007
300 _a159ص
336 _atext
_btxt
_2rdacontent
337 _aunmediated
_bn
_2rdamedia
338 _avolume
_bnc
_2rdacarrier
650 4 _aقصص الانبياء- رسل وانبياء
_919891
999 _aA6644
_c10212
_d10212